Movies Quiz

Random Movies or Oscar Quiz

Oscar Best Actress Pop Quiz Stats

 Plays Quiz Updated Feb 23, 2015

Challenge
Share
Tweet
Embed
Score 0/73 Timer 08:00
3 Plays Today
% Correct
Meryl Streep
85%
Cate Blanchett
83.4%
Katharine Hepburn
82.2%
Jennifer Lawrence
81.4%
Julia Roberts
79.9%
Hilary Swank
79.4%
Audrey Hepburn
78.9%
Kate Winslet
78.9%
Julianne Moore
78.5%
Sandra Bullock
78.3%
Jodie Foster
78.2%
Helen Mirren
76.9%
Elizabeth Taylor
76.7%
Halle Berry
76.6%
Charlize Theron
76%
Sally Field
75.4%
Diane Keaton
75.2%
Nicole Kidman
74.2%
Natalie Portman
73.7%
Bette Davis
73.6%
Helen Hunt
72.9%
Gwyneth Paltrow
72.3%
Reese Witherspoon
72.1%
Jane Fonda
72%
Kathy Bates
71.7%
Susan Sarandon
71.3%
Ingrid Bergman
71.1%
Barbra Streisand
70.9%
Sissy Spacek
70.6%
Vivien Leigh
69.9%
Shirley MacLaine
69.8%
Julie Andrews
68.5%
Emma Thompson
67.8%
Jessica Lange
67.6%
Holly Hunter
67.6%
Cher
67.6%
Faye Dunaway
67.2%
% Correct
Jessica Tandy
67.2%
Liza Minnelli
67%
Frances McDormand
67%
Grace Kelly
66.7%
Marion Cotillard
65.8%
Joan Crawford
64.9%
Maggie Smith
63.9%
Anne Bancroft
63.3%
Sophia Loren
60.6%
Olivia de Havilland
59.8%
Marlee Matlin
59.5%
Ellen Burstyn
57.1%
Joanne Woodward
55.9%
Julie Christie
55.8%
Claudette Colbert
54.2%
Louise Fletcher
54%
Glenda Jackson
50.8%
Joan Fontaine
50%
Greer Garson
49.1%
Helen Hayes
49.1%
Mary Pickford
48.9%
Patricia Neal
48.3%
Ginger Rogers
47.3%
Geraldine Page
46.6%
Susan Hayward
45.5%
Loretta Young
43.7%
Jane Wyman
43.3%
Norma Shearer
41.5%
Luise Rainer
40.6%
Jennifer Jones
40.5%
Shirley Booth
40.4%
Judy Holliday
39.7%
Janet Gaynor
39.5%
Simone Signoret
38.6%
Anna Magnani
34%
Marie Dressler
33.9%

You're not logged in!

Compare scores with friends on all Sporcle quizzes.
OR
Log In

You Might Also Like...

Show Comments

Extras

Top Quizzes Today


Score Distribution

Your Account Isn't Verified!

In order to create a playlist on Sporcle, you need to verify the email address you used during registration. Go to your Sporcle Settings to finish the process.

Report this User

Report this user for behavior that violates our Community Guidelines.

Details: